000 00489nam a2200169 i 4500
001 72789
003 ES-MaACL
005 20230906171546.0
007 t|
008 040903s1967 sp ||||1| spa d
100 1 _aGodin, André.
_957525
245 1 0 _aComo establecer el diálogo pastoral /
_cAndré Godin ; [versión castellana de ISPA].
260 _aBarcelona :
_bNova Terra,
_c[1967]
300 _a262 p. ;
_c17 cm.
710 2 _aISPA.
_95290
852 _aES-MaACL
_jC-32007
_bR.62667
999 _c72789
_d72789